Ikkimel - alle Songs - Statistiken

Allgemein
  • Dieses Quiz wurde 68 mal gespielt
  • Das Durchschnittsergebnis liegt bei 32 aus 70
Antwortstatistiken
Titel % Korrekt
KETA UND KRAWALL
91%
KETA UND KRAWALL
91%
Jiggy
79%
BIKINI GRELL
75%
BIKINI GRELL
75%
HAT SIE NICHT GESAGT
75%
HAT SIE NICHT GESAGT
75%
ASZENDENT BITCH
68%
UNISEXKLO
68%
UNISEXKLO
68%
Deutschland
66%
DEUTSCHLAND
66%
MÜTTER
66%
MÜTTER
66%
WHO'S THAT
66%
AMENA
64%
BÖSER JUNGE
62%
IDGAF
60%
HERZ ZURÜCK
58%
SWEET BABY JESUS
58%
SWEET BABY JESUS
58%
WELLNESS
57%
WELLNESS
57%
BADDIE
55%
BADDIE
55%
DREI FOTZEN MIT NEM BOMBENARSCH
55%
Nachtschicht
55%
Galopp!
53%
Galopp!
53%
GERMANY
53%
FUSSBALLMÄNNER
51%
FUSSBALLMÄNNER
51%
VODKA E
51%
BLING BLING
47%
JETZT ERST RECHT
47%
OHA
47%
OHA
47%
ZOOM CALL
42%
Amicelli
40%
GLITZER GLITZER
38%
GLITZER GLITZER
38%
SHEMLORD
38%
BEZAHLEN
36%
BEZAHLEN
36%
Männergefühle
34%
MÄNNERGEFÜHLE
34%
ERSTE SAHNE
32%
ERSTE SAHNE
32%
Vorbei an der Schlange
32%
VORBEI AN DER SCHLANGE
32%
VORBEI AN DER SCHLANGE
32%
ZU RAUS
32%
ZU RAUS
32%
ZU RAUS
32%
MOIN MEISTER
28%
OH WAS
28%
OH WAS
28%
HAMPELMANN
26%
FEIERABEND
23%
Forever Swagger
23%
VERBRECHER
21%
LIFESAVER
19%
EIEREIS
17%
ZU RAUS -SPEEDUP
15%
ICH SEH GUT AUS
11%
ICH SEH GUT AUS - Lenny Fuck Remix
11%
Dein Arsch
8%
Blicke
6%
Meine sind gut
4%
Nachtschicht (feat. Ikkimel)
4%
Keine übereinstimmenden Quizze gefunden
Verteilung der Resultate
Anzahl Personen mit jedem Resultat
Perzentil nach korrekt beantworteten Fragen
Ihre Resultats-Entwicklung
Sie haben dieses Quiz noch nicht gespielt